| 000 | 00974cam a22003137a 4500 | ||
|---|---|---|---|
| 003 | CHAP | ||
| 005 | 20220329135317.0 | ||
| 008 | 971013s1972 r 00010 d | ||
| 010 | _a34206 | ||
| 011 | _a35178 | ||
| 035 | _a39294 | ||
| 040 | _cCHAP | ||
| 082 |
_a584.15 _bL8 |
||
| 100 | 0 | 0 |
_aLuer, Carlyle A. _968926 |
| 245 | 1 | 4 | _aThe native orchids of Florida |
| 260 |
_a(New York) : _bNew York Botanical Garden, _c1972 |
||
| 300 |
_a293 p. _b: ilus. ; mapas |
||
| 590 |
_aBATCH-UPD _b10 _c20130110 _lUCH01 _h0310 |
||
| 590 |
_aBATCH-UPD _b10 _c20130110 _lUCH01 _h1940 |
||
| 590 |
_aBATCH-UPD _b10 _c20130409 _lUCH01 _h2342 |
||
| 590 |
_aBATCH-UPD _b10 _c20130914 _lUCH01 _h1418 |
||
| 590 |
_aCONVERSION _b10 _c20130109 _lUCH01 _h1319 |
||
| 650 | 1 | 4 |
_aFlores _xE.U.A. _941373 |
| 650 | 1 | 4 |
_aOrquidáceas. _983723 |
| 710 | 0 |
_aNew York Botanical Garden. _981022 |
|
| 901 | _aBK | ||
| 942 | _cLIBRO | ||
| 949 |
_a584.15 L8 _bBC _cLIBRO _d33724000448825 _eLIBRO _h56053 _i39294 _si _t719.00 |
||
| 999 |
_c34206 _d34206 |
||